1140 1064 1765 1537 1921 1358 1738 1572 1919 1346 1267 1170 1273 1777 1857 1026 1057 1373 1155 1569 1199 1301 1899 1584 1204 1784 1676 1575 1160 1597 1070 1015 1715 1951 1299 1945 1447 1436 1118 1161 1950 1794 1900 1575 1721 1078 1796 1920 1483 1381 1389 1281 1571 1180 1737 1011 1288 1312 1174 1248 1059 1687 1421 1366 1475 1686 1072 1700 1684 1332 1222 1107 1148 1698 1307 1218 1274 1222 1511 1599 1336 1851 1251 1051 1430 1355 1727 1162 1883 1198 1808 1556 1321 1777 1367 1819 1660 1111 1218 BCNSPRNW ULIB Ver.6.0+V

เปลี่ยนเป็นภาษาไทย

Change to English
 แสดงรายละเอียดบรรณานุกรม
  กลับหน้าหลัก

Brief Record : Get Marc (ISO 2709) : E-mail record : QR code < ปิดหน้าต่าง
LEADER : 00000nam 2200000uu 4500
001    13399112754
003     ULIB
008    110220s2544||||th 000 0 tha d
050  4 LB1028^bน127ส 2544
110 1  กระทรวงสาธารณสุข.^bสถาบันพระบรมราชนก.^bวิทยาลัยพยาบาลบรมราชชนนี สวรรค์ประชารักษ์ นครสวรรค์.
245 00 สรุปการเรียนรู้โดยใช้ปัญญาเป็นหลัก (Problem-Based Learning)/^cวิทยาลัยพยาบาลบรมราชชนนี สวรรค์ประชารักษ์
260    นครสวรรค์:^bวิทยาลัยพยาบาลบรมราชชนนี สวรรค์ประชารักษ์ นครสวรรค์,^c2544
300    73 หน้า
650  7 การเรียนรู้โดยใช้ปัญหา
945    ^p0^l0^i019330
995    ทศพร
999 ^a ใช้งานได้ทุกระบบ
รายการนี้ยังไม่มีแท็ก
คุณยังไม่ได้ล็อกอิน คุณสามารถมีกิจกรรมร่วมกับเว็บไซต์ได้ แต่ต้องล็อกอินก่อน ::
  ล็อกอิน

รายการสื่อสารสนเทศ

ลำดับที่ ประเภท เลขเรียก/บาร์โค้ด สถานที่ สถานะ
- ไม่พบข้อมูล -

รายการใกล้เคียง
    หัวเรื่อง [การเรียนรู้โดยใช้ปัญหา]

BibComment


ยังไม่เคยถูกคอมเมนท์

คอมเมนท์ทรัพยากรรายการนี้
  คอมเมนท์: สรุปการเรียนรู้โด..


 Copyright 2026. Bcnsprnw @Library